000 00381nam a2200169Ia 4500
001 2088
003 IN-NITTTR
005 20251114232925.0
008 251113s9999||||xx |||||||||||||| ||eng||
040 _beng
040 _cIN-NITTTR
041 _aeng
082 _a621.2 H185W
100 _aHammond, Rolt
245 0 _aWater power engineering. /
_cHammond, Rolt
942 _2ddc
_cBK
999 _c3071
_d3071